| 000 | 01317nam a22003130a 4500 | ||
|---|---|---|---|
| 001 | PT9091 | ||
| 003 | AR-LpoUNG | ||
| 005 | 20210131232341.0 | ||
| 008 | 191001s1964||||ag |||||||||||||||||spa d | ||
| 040 |
_aAR-LpoUNG _bspa _cAR-LpoUNG _eaacr |
||
| 041 | _aspa | ||
| 044 | _aag | ||
| 082 | 0 | _a982.064 536sis | |
| 100 | 1 | _aDi Tella, Torcuato | |
| 245 | 1 | 3 | _aEl sistema político argentino y la clase obrera |
| 260 |
_aBuenos Aires : _bUniversitaria de Buenos Aires, _c1964. |
||
| 300 |
_a127 p. : _bgráfs. |
||
| 520 | _aEn este trabajo se estudia el proceso de la incorporación de toda una clase social al juego de las instituciones representativas en la Argentina. La primera parte de este análisis consiste en una descripción del asociacionismo obrero. Se examinan las relaciones entre dirigentes y asociados y la formación de cuadros técnicos y administrativos en sindicatos, partidos políticos y entidades culturales populares. A continuación se estudia el fenómeno peronista en un marco comparativo latinoamericano. | ||
| 650 | 4 | _aIDEOLOGIAS | |
| 650 | 4 | _aMOVIMIENTOS OBREROS | |
| 650 | 4 | _aPARTICIPACION DE LOS TRABAJADORES | |
| 650 | 4 | _aPOLITICA | |
| 650 | 4 | _aPROBLEMAS SOCIALES | |
| 650 | 4 | _aSOCIEDAD | |
| 650 | 4 | _aTRABAJO | |
| 651 | 4 | _aArgentina | |
| 905 | _a9091 | ||
| 942 | _cLIB | ||
| 999 |
_c15112 _d15112 |
||